Pokemon Go - Quiz - Statistics

General Stats
  • This quiz has been taken 1,890 times
  • The average score is 11 of 14
Answer Stats
Hint Answer % Correct
The fire type starter pokemon. Charmander
97%
The water type starter pokemon. Squirtle
95%
The grass type starter pokemon Bulbasaur
93%
An item that a pokemon hatches from. Egg
90%
A landmark where you can battle other's pokemon to take it over for your team. Gym
89%
The blue landmarks that you can retrieve items from, mostly pokeballs. PokeStop
83%
The item that you use to hatch the pokemon Incubator
82%
A hidden 'starter' pokemon that you can get. Pikachu
80%
Blue team name. Mystic
76%
Red team name. Valor
73%
The developers of the game. Niantic Inc.
70%
A special type of throw you can perform with a pokeball. Curveball
69%
Yellow team name. Instinct
69%
A item used to lure pokemon to you for 30 minutes. Incense
67%
No matching quizzes found
Score Distribution
Percent of People with Each Score
Percentile by Number Answered
Your Score History
You have not taken this quiz